Score 0/13 Timer 10:00
0 Plays Today
% Correct
Mat
95%
Perrin
95%
Egwene
88.9%
Elayne
69.1%
Aviendha
48%
Min
47.3%
Thom
46%
Siuan
28.9%
Loial
27.2%
Moraine
20.8%
Logain
10.1%
Uno
8.4%
Birgitte
7%
Remove Ads.
Support Sporcle.
Get the best of Sporcle when you Go Orange. This ad-free experience offers more features, more stats, and more fun while also helping to support Sporcle. Thank you for becoming a member.

You're not logged in!

Compare scores with friends on all Sporcle quizzes.
OR
Log In

Show Comments

Extras

Created Jul 1, 2012ReportNominate
Tags:Character, Wheel

Top Quizzes Today


Score Distribution

Your Account Isn't Verified!

In order to create a playlist on Sporcle, you need to verify the email address you used during registration. Go to your Sporcle Settings to finish the process.

Report this User

Report this user for behavior that violates our Community Guidelines.

Details: